MARC

LEADER 00000nas a2200000 a 4500
001 ssj0038500
003 WaSeSS
005 20200512172242.0
006 m d
007 cr n
008 080528c20049999mduuu p s 0 a0eng c
010 |a  2008247645 
022 |a 1945-4724  |l 1945-4716  |y 1945-4716 
035 |a (WaSeSS)ssj0038500 
040 |a BUF  |b eng  |c BUF  |d NSD  |d OCLCQ  |d OCLCO  |d OCLCF  |d OCLCO  |d OCLCQ  |d EZC  |d CNTRU  |d VT2  |d WaSeSS 
042 |a pcc  |a nsdp 
082 0 |a 327/.09/04  |2 19 
222 4 |a The SAIS review of international affairs  |b (Online) 
245 0 4 |a The SAIS review of international affairs  |h [electronic resource]. 
246 1 3 |a School of Advanced International Studies review of international affairs 
246 1 3 |a SAIS review 
260 |a Baltimore, MD :  |b Johns Hopkins University Press 
310 |a Twice yearly 
362 1 |a Print began with vol. 24, no. 1 (winter-spring 2004). 
506 |a License restrictions may limit access. 
550 |a Issued by the Johns Hopkins University Foreign Policy Institute of the Paul H. Nitze School of Advanced International Studies. 
588 |a Description based on: Vol. 27, no. 2 (summer-fall 2008); title from journal homepage (Publisher's Web site, viewed 2008-09-25). 
588 |a Latest issue consulted: Vol. 28, no. 2 (summer/fall 2008) (Project Muse, viewed Jan. 30, 2009). 
648 7 |a Since 1989  |2 fast 
650 0 |a World politics  |y 1989-  |v Periodicals. 
650 7 |a World politics.  |2 fast  |0 (OCoLC)fst01181381 
655 0 |a Electronic journals. 
710 2 |a Johns Hopkins University.  |b Foreign Policy Institute. 
710 2 |a Paul H. Nitze School of Advanced International Studies. 
776 0 8 |i Print version:  |t SAIS review of international affairs  |x 1945-4716  |w (DLC) 2004257062  |w (OCoLC)55043382 
780 0 0 |t SAIS review (Paul H. Nitze School of Advanced International Studies)  |x 1088-3142  |w (DLC)sn 96005035  |w (OCoLC)34581236 
856 4 0 |z Full text available from Research Library: Winter 2004 to 1 year ago  |u https://search.proquest.com/publication/31197